[Event "31. Open de San Sebastian"]
[Site "San Sebastián ESP"]
[Date "2008.03.18"]
[Round "3.12"]
[White "Huerga Leache, Mikel"]
[Black "Landa Manux, Josu"]
[Result "1-0"]
[WhiteElo "2440"]
[BlackElo "1995"]
[PlyCount "57"]
[EventDate "2008.03.16"]
[EventType "swiss"]
[EventRounds "9"]
[EventCountry "ESP"]
[Source "lmi"]
[SourceDate "2008.03.16"]

1. d4 Nf6 2. Nf3 g6 3. g3 Bg7 4. Bg2 O-O 5. O-O d6 6. c4 Nc6 7. d5 Na5 8. Nfd2
c5 9. Nc3 a6 10. Qc2 Bf5 11. e4 Bd7 12. b3 Rb8 13. Bb2 h5 14. Rfe1 e5 15. dxe6
Bxe6 16. Nd5 Bxd5 17. exd5 b5 18. Bc3 Bh6 19. f4 b4 20. Bb2 Nh7 21. f5 g5 22.
f6 Re8 23. Qf5 Rxe1+ 24. Rxe1 Qc8 25. Qd3 Nf8 26. Be4 Nb7 27. Bf5 Qd8 28. Qe3
a5 29. h4 1-0

[Event "31. Open de San Sebastian"]
[Site "San Sebastián ESP"]
[Date "2008.03.18"]
[Round "3.14"]
[White "Puerto Traver, Juan Manuel"]
[Black "Irure Crespo, Egoitz"]
[Result "1-0"]
[WhiteElo "2105"]
[BlackElo "1941"]
[PlyCount "141"]
[EventDate "2008.03.16"]
[EventType "swiss"]
[EventRounds "9"]
[EventCountry "ESP"]
[Source "lmi"]
[SourceDate "2008.03.16"]

1. d4 Nf6 2. Bg5 e6 3. e4 c5 4. d5 d6 5. Nc3 Be7 6. Bb5+ Bd7 7. Bxd7+ Qxd7 8.
Nf3 exd5 9. Nxd5 Nxd5 10. Qxd5 Nc6 11. Rd1 Qe6 12. O-O Rd8 13. Bxe7 Qxd5 14.
Rxd5 Kxe7 15. c4 f6 16. a3 Rhe8 17. Nh4 g6 18. f3 Ke6 19. g4 b6 20. Kf2 Kf7 21.
Ng2 Ne7 22. Rd2 Nc6 23. Ne3 Nd4 24. h4 Nb3 25. Rd3 Nd4 26. Rfd1 Re6 27. R1d2
Nc6 28. Kg3 Nd4 29. b4 Nc6 30. b5 Na5 31. Rc3 Rd7 32. Rh2 Re8 33. h5 Kg7 34.
hxg6 hxg6 35. Nd5 Rf7 36. Rc1 Rh8 37. Rxh8 Kxh8 38. Rc3 Kg7 39. Ne3 Rd7 40. Rd3
Kf7 41. f4 Ke7 42. Nf1 Nxc4 43. Nd2 Nxd2 44. Rxd2 Ke6 45. f5+ gxf5 46. exf5+
Kf7 47. Rd5 Ke7 48. Kf4 c4 49. g5 fxg5+ 50. Kxg5 Kf7 51. Rd4 d5 52. Rh4 c3 53.
Rh7+ Ke8 54. Rh8+ Ke7 55. f6+ Ke6 56. Kg6 Rc7 57. Re8+ Kd6 58. Rd8+ Kc5 59. f7
Rxf7 60. Rc8+ Kd4 61. Kxf7 Kd3 62. Ke6 d4 63. Kd5 Ke3 64. a4 Kd3 65. Rc4 c2 66.
Rxd4+ Kc3 67. Rc4+ Kb3 68. Rc6 Kxa4 69. Rxc2 Kxb5 70. Rb2+ Ka5 71. Kc6 1-0

[Event "31. Open de San Sebastian"]
[Site "San Sebastián ESP"]
[Date "2008.03.18"]
[Round "3.15"]
[White "Aguilar Guillamont, Jesus"]
[Black "Galarza Cenzano, Inigo"]
[Result "0-1"]
[WhiteElo "1965"]
[BlackElo "1986"]
[PlyCount "126"]
[EventDate "2008.03.16"]
[EventType "swiss"]
[EventRounds "9"]
[EventCountry "ESP"]
[Source "lmi"]
[SourceDate "2008.03.16"]

1. c4 Nf6 2. Nc3 c6 3. e4 d6 4. g3 Nbd7 5. d4 e5 6. Nf3 Be7 7. Bg2 O-O 8. O-O
Re8 9. b3 Bf8 10. Kh1 Qc7 11. Bb2 g6 12. Rc1 Bg7 13. Qd2 a6 14. Rfd1 Nf8 15. c5
dxc5 16. dxc5 Bg4 17. Qd6 Qe7 18. Qxe7 Rxe7 19. Rd3 Ne6 20. b4 Bxf3 21. Bxf3
Nd4 22. Rcd1 a5 23. a3 axb4 24. axb4 Nc2 25. Rd8+ Rxd8 26. Rxd8+ Re8 27. Rxe8+
Nxe8 28. b5 Nd4 29. Be2 Nxe2 30. Nxe2 cxb5 31. Nc3 Nc7 32. Nd5 Ne6 33. c6 bxc6
34. Ne7+ Kf8 35. Nxc6 Nd4 36. Nb4 Ke8 37. Kg1 Nf3+ 38. Kg2 Nd2 39. f3 Nc4 40.
Bc3 Ne3+ 41. Kg1 Kd7 42. f4 Bf8 43. fxe5 Bxb4 44. Bxb4 Ke6 45. Kf2 Ng4+ 46. Kf3
Nxe5+ 47. Ke2 f5 48. exf5+ Kxf5 49. h3 h5 50. Ke3 g5 51. Bc3 Nc6 52. Bb2 Ne5
53. Bc3 h4 54. g4+ Nxg4+ 55. hxg4+ Kxg4 56. Kf2 Kf5 57. Kg2 g4 58. Be1 h3+ 59.
Kh2 Ke4 60. Kg3 Kd5 61. Bf2 b4 62. Be1 b3 63. Bc3 Kc4 0-1

[Event "31. Open de San Sebastian"]
[Site "San Sebastián ESP"]
[Date "2008.03.18"]
[Round "3.17"]
[White "Recuero Guerra, David"]
[Black "Saenz Zabala, Juan Ignacio"]
[Result "1-0"]
[WhiteElo "2424"]
[BlackElo "1888"]
[PlyCount "68"]
[EventDate "2008.03.16"]
[EventType "swiss"]
[EventRounds "9"]
[EventCountry "ESP"]
[Source "lmi"]
[SourceDate "2008.03.16"]

1. e4 e5 2. Nf3 Nc6 3. d4 exd4 4. Bc4 d6 5. Nxd4 Nxd4 6. Qxd4 Be6 7. Bxe6 fxe6
8. Nc3 Nf6 9. O-O Be7 10. e5 dxe5 11. Qxe5 Qd6 12. Qe2 Kf7 13. Re1 a6 14. Qf3
Qc6 15. Qxc6 bxc6 16. Ne2 e5 17. Ng3 Bd6 18. Bd2 Rhe8 19. Ne4 Nxe4 20. Rxe4 Re6
21. Rae1 Rb8 22. b3 Rbe8 23. Kf1 c5 24. f3 h6 25. R1e3 Rd8 26. Bc3 Rde8 27. h3
R6e7 28. Ke2 Re6 29. Kd3 R6e7 30. Kc4 Re6 31. Re2 c6 32. Bb2 R6e7 33. Ba3 Rb7
34. Bxc5 Bxc5 1-0

[Event "31. Open de San Sebastian"]
[Site "San Sebastián ESP"]
[Date "2008.03.18"]
[Round "3.18"]
[White "Daubas, Bernard"]
[Black "Perez Calahorra, Ricardo"]
[Result "1-0"]
[WhiteElo "1891"]
[BlackElo "2134"]
[PlyCount "101"]
[EventDate "2008.03.16"]
[EventType "swiss"]
[EventRounds "9"]
[EventCountry "ESP"]
[Source "lmi"]
[SourceDate "2008.03.16"]

1. d4 g6 2. c4 Bg7 3. Nc3 d6 4. e4 Nc6 5. Be3 e5 6. d5 Nce7 7. Be2 f5 8. f3 f4
9. Bf2 Nf6 10. c5 O-O 11. Bc4 Kh8 12. Nge2 Nd7 13. cxd6 cxd6 14. Nb5 Nf6 15.
Qa4 a6 16. Nbc3 Rb8 17. Qb4 b5 18. a4 a5 19. Qb3 Bh3 20. Nxb5 Bxg2 21. Rg1 Bh3
22. Qa3 Nc8 23. Rc1 Ne8 24. Bd3 Bf6 25. Nec3 Bh4 26. Nd1 Qb6 27. Bf1 Bd7 28.
Qc3 Na7 29. Rg2 Nxb5 30. axb5 Bxf2+ 31. Rxf2 Rc8 32. Qxc8 Bxc8 33. Rxc8 Kg7 34.
Rfc2 Nf6 35. R2c6 Qd4 36. R8c7+ Kh6 37. b6 Rb8 38. Rf7 Qb4+ 39. Kf2 Ne8 40. Rd7
Nf6 41. Rf7 Qd2+ 42. Be2 Qd4+ 43. Kf1 Nh5 44. Rcc7 Rxb6 45. h4 Nf6 46. Rxf6 Rb8
47. Rxd6 a4 48. Rdd7 Rh8 49. Nf2 Qxb2 50. Ng4+ Kh5 51. Rxh7+ 1-0

[Event "31. Open de San Sebastian"]
[Site "San Sebastián ESP"]
[Date "2008.03.18"]
[Round "3.19"]
[White "Bert, Jerome"]
[Black "Perez Marchal, Javier"]
[Result "1/2-1/2"]
[WhiteElo "2122"]
[BlackElo "1880"]
[PlyCount "69"]
[EventDate "2008.03.16"]
[EventType "swiss"]
[EventRounds "9"]
[EventCountry "ESP"]
[Source "lmi"]
[SourceDate "2008.03.16"]

1. e4 e6 2. d4 d5 3. Nc3 Bb4 4. e5 Ne7 5. a3 Bxc3+ 6. bxc3 b6 7. a4 Ba6 8. Bb5+
Bxb5 9. axb5 c6 10. bxc6 Nbxc6 11. Nf3 Qc7 12. Qd3 Na5 13. O-O Rc8 14. Bd2 Nc4
15. Rfb1 Nxd2 16. Qb5+ Qc6 17. Nxd2 Qxb5 18. Rxb5 Rc7 19. Kf1 Kd7 20. Ke2 Rhc8
21. f4 Nc6 22. f5 Na5 23. Nb3 Rxc3 24. Rbxa5 Rxc2+ 25. Kd1 bxa5 26. Nc5+ R8xc5
27. dxc5 Rxg2 28. Rxa5 Kc6 29. Rxa7 Kxc5 30. Rxf7 Rg5 31. fxe6 Rxe5 32. Rxg7
Rxe6 33. Rxh7 Kd4 34. Kd2 Rg6 35. Rh4+ 1/2-1/2

[Event "31. Open de San Sebastian"]
[Site "San Sebastián ESP"]
[Date "2008.03.19"]
[Round "4.1"]
[White "Alsina Leal, Daniel"]
[Black "Lopez Martinez, Josep Manuel"]
[Result "0-1"]
[WhiteElo "2455"]
[BlackElo "2550"]
[PlyCount "76"]
[EventDate "2008.03.16"]
[EventType "swiss"]
[EventRounds "9"]
[EventCountry "ESP"]
[Source "lmi"]
[SourceDate "2008.03.16"]

1. e4 c6 2. d4 d5 3. Nc3 dxe4 4. Nxe4 Bf5 5. Ng3 Bg6 6. h4 h6 7. Nf3 Nd7 8. h5
Bh7 9. Bd3 Bxd3 10. Qxd3 e6 11. Bf4 Qa5+ 12. Bd2 Bb4 13. c3 Be7 14. c4 Qc7 15.
O-O-O Ngf6 16. Kb1 O-O 17. Ne4 Rad8 18. Nxf6+ Bxf6 19. Qe4 c5 20. Bf4 Qb6 21.
Be5 cxd4 22. Bxd4 Bxd4 23. Qxd4 Qa5 24. g4 Nf6 25. Qf4 Qc5 26. Ne5 b5 27. Rxd8
Rxd8 28. g5 Rd4 29. Qh2 hxg5 30. Re1 bxc4 31. Qg2 c3 32. Qa8+ Kh7 33. Nxf7 Qf5+
34. Ka1 cxb2+ 35. Kxb2 Qxf2+ 36. Kb3 Rd3+ 37. Kc4 Qd4+ 38. Kb5 Qb6+ 0-1

[Event "31. Open de San Sebastian"]
[Site "San Sebastián ESP"]
[Date "2008.03.19"]
[Round "4.2"]
[White "Krulich, Roman"]
[Black "Mateo, Ramon"]
[Result "0-1"]
[WhiteElo "2240"]
[BlackElo "2484"]
[PlyCount "46"]
[EventDate "2008.03.16"]
[EventType "swiss"]
[EventRounds "9"]
[EventCountry "ESP"]
[Source "lmi"]
[SourceDate "2008.03.16"]

1. e4 c5 2. c3 e6 3. Nf3 d5 4. exd5 exd5 5. d4 Bd6 6. Bb5+ Nc6 7. O-O Nge7 8.
Bg5 O-O 9. Re1 Qb6 10. Bxe7 Nxe7 11. Qe2 Ng6 12. Ba4 Bg4 13. Nbd2 Qxb2 14. dxc5
Bxc5 15. Rab1 Qa3 16. Bb3 Bf5 17. Ra1 Nf4 18. Qe5 Bxf2+ 19. Kh1 Bxe1 20. Nxe1
Qb2 21. Rd1 Bg4 22. Qxf4 Bxd1 23. Bxd1 Qc1 0-1

[Event "31. Open de San Sebastian"]
[Site "San Sebastián ESP"]
[Date "2008.03.19"]
[Round "4.3"]
[White "Salgado Lopez, Ivan"]
[Black "Huerga Leache, Mikel"]
[Result "1-0"]
[WhiteElo "2459"]
[BlackElo "2440"]
[PlyCount "57"]
[EventDate "2008.03.16"]
[EventType "swiss"]
[EventRounds "9"]
[EventCountry "ESP"]
[Source "lmi"]
[SourceDate "2008.03.16"]

1. d4 Nf6 2. c4 e5 3. dxe5 Ng4 4. Nf3 Bc5 5. e3 Nc6 6. Be2 O-O 7. O-O Ngxe5 8.
Nc3 Re8 9. b3 Nxf3+ 10. Bxf3 Ne5 11. Bb2 a5 12. Na4 Bf8 13. Be2 Ra6 14. g3 Rg6
15. Qd5 d6 16. Rfd1 Bd7 17. Qxa5 Qh4 18. Bxe5 Rxe5 19. Qxc7 Bc6 20. Rd4 Re4 21.
Bd3 Rxg3+ 22. fxg3 Qh6 23. Rxe4 Bxe4 24. Rf1 Qxe3+ 25. Rf2 f5 26. Bf1 d5 27.
cxd5 b5 28. d6 Ba8 29. Qc5 1-0

[Event "31. Open de San Sebastian"]
[Site "San Sebastián ESP"]
[Date "2008.03.19"]
[Round "4.5"]
[White "San Segundo Carrillo, Pablo"]
[Black "Andres Gonzalez, Ivan"]
[Result "1-0"]
[WhiteElo "2542"]
[BlackElo "2375"]
[PlyCount "55"]
[EventDate "2008.03.16"]
[EventType "swiss"]
[EventRounds "9"]
[EventCountry "ESP"]
[Source "lmi"]
[SourceDate "2008.03.16"]

1. d4 Nf6 2. Nf3 e6 3. c4 Bb4+ 4. Nc3 O-O 5. Bg5 c5 6. Rc1 h6 7. Bh4 cxd4 8.
Nxd4 g5 9. Bg3 Ne4 10. Ndb5 f5 11. Bc7 Qf6 12. a3 Bc5 13. e3 a6 14. Nd6 Nxf2
15. Kxf2 f4 16. Ke1 Bxe3 17. Rc2 Nc6 18. h4 Nd4 19. hxg5 Qe5 20. Nce4 f3 21.
gxf3 Nxf3+ 22. Ke2 Bxg5 23. Bg2 Nd4+ 24. Kd3 Nxc2 25. Kxc2 Qg7 26. Bf3 b5 27.
Nxg5 hxg5 28. Bb6 1-0

[Event "31. Open de San Sebastian"]
[Site "San Sebastián ESP"]
[Date "2008.03.19"]
[Round "4.6"]
[White "Alonso Arburu, Juan Ignacio"]
[Black "Cifuentes Parada, Roberto"]
[Result "1/2-1/2"]
[WhiteElo "2368"]
[BlackElo "2520"]
[PlyCount "89"]
[EventDate "2008.03.16"]
[EventType "swiss"]
[EventRounds "9"]
[EventCountry "ESP"]
[Source "lmi"]
[SourceDate "2008.03.16"]

1. c4 e5 2. Nc3 Nc6 3. g3 g6 4. Bg2 Bg7 5. Rb1 a5 6. a3 Nf6 7. d3 O-O 8. b4
axb4 9. axb4 h6 10. e3 d6 11. Nge2 Rb8 12. O-O Be6 13. Nd5 Ne8 14. h3 Ne7 15.
b5 g5 16. f4 f5 17. Kh2 Nf6 18. e4 gxf4 19. gxf4 Nd7 20. Ng3 fxe4 21. Nh5 exd3
22. Nxg7 Kxg7 23. fxe5 Rxf1 24. Bxf1 Nxe5 25. Bxd3 Nxd5 26. cxd5 Bf7 27. Qg1+
Kh8 28. Qe3 Qh4 29. Rb4 Qf6 30. Rf4 Qg7 31. Be4 Ra8 32. Rf2 Rg8 33. Rg2 Qf6 34.
Qxh6+ Qxh6 35. Rxg8+ Kxg8 36. Bxh6 Be8 37. b6 cxb6 38. Bd2 Kf7 39. Kg3 b5 40.
Kf4 Nd7 41. h4 Nf6 42. Bf3 Kg6 43. h5+ Nxh5+ 44. Bxh5+ Kxh5 45. Bb4 1/2-1/2

[Event "31. Open de San Sebastian"]
[Site "San Sebastián ESP"]
[Date "2008.03.19"]
[Round "4.7"]
[White "Narciso Dublan, Marc"]
[Black "Martin Alvarez, Inigo"]
[Result "1-0"]
[WhiteElo "2513"]
[BlackElo "2189"]
[PlyCount "91"]
[EventDate "2008.03.16"]
[EventType "swiss"]
[EventRounds "9"]
[EventCountry "ESP"]
[Source "lmi"]
[SourceDate "2008.03.16"]

1. e4 c5 2. c3 Nf6 3. e5 Nd5 4. Nf3 e6 5. Bc4 Nb6 6. Be2 Nc6 7. O-O d6 8. d4
cxd4 9. cxd4 Be7 10. Nc3 O-O 11. Bd3 Nb4 12. Be4 a6 13. Re1 dxe5 14. dxe5 Qc7
15. Bg5 Rd8 16. Qb3 h6 17. Bxe7 Qxe7 18. Rad1 N4d5 19. h3 Nxc3 20. Qxc3 Rxd1
21. Rxd1 Nd5 22. Bxd5 exd5 23. Rxd5 Be6 24. Rc5 Rd8 25. Rc7 Rd7 26. Rxd7 Qxd7
27. a3 Qd1+ 28. Kh2 Bd5 29. Nd4 Qf1 30. f3 Qf2 31. Qc8+ Kh7 32. Qc2+ Qxc2 33.
Nxc2 Kg6 34. Nd4 b5 35. f4 h5 36. g4 hxg4 37. hxg4 Kh7 38. Kg3 g6 39. f5 Kg7
40. Kf4 Bc4 41. b4 Ba2 42. Nc6 Bd5 43. Nb8 Bb7 44. Nd7 Bc8 45. e6 gxf5 46. gxf5
1-0

[Event "31. Open de San Sebastian"]
[Site "San Sebastián ESP"]
[Date "2008.03.19"]
[Round "4.8"]
[White "Rubio Mejia, Luis Ignacio"]
[Black "Lafuente, Pablo"]
[Result "0-1"]
[WhiteElo "2373"]
[BlackElo "2489"]
[PlyCount "140"]
[EventDate "2008.03.16"]
[EventType "swiss"]
[EventRounds "9"]
[EventCountry "ESP"]
[Source "lmi"]
[SourceDate "2008.03.16"]

1. d4 Nf6 2. c4 e6 3. Nc3 Bb4 4. e3 d5 5. a3 Bxc3+ 6. bxc3 c6 7. Nf3 O-O 8. Bd3
b6 9. O-O Ba6 10. cxd5 Bxd3 11. Qxd3 cxd5 12. c4 Nc6 13. Bd2 dxc4 14. Qxc4 Rc8
15. Qa6 Rc7 16. Rfc1 Qd7 17. a4 Ne4 18. Be1 Rfc8 19. Rcb1 Qd5 20. Rc1 h6 21. h3
Kh7 22. Qd3 Nxd4 23. Rd1 Nxf3+ 24. gxf3 Qxd3 25. Rxd3 Nc5 26. Rda3 Nd7 27. Rd1
Ne5 28. Kg2 Rc1 29. Rxc1 Rxc1 30. Bc3 Nc4 31. Rb3 g5 32. Bf6 Kg6 33. Be7 Na5
34. Ra3 Rc4 35. Bd6 Nc6 36. Kf1 Na5 37. Bb8 Rc8 38. Bg3 h5 39. h4 gxh4 40. Bxh4
Rc4 41. Be7 Nc6 42. Bd6 Kf5 43. Kg2 e5 44. Ra2 Ke6 45. Bf8 f6 46. Kg3 Na5 47.
e4 Nc6 48. Ra3 Kf7 49. Bh6 a5 50. Be3 Nd4 51. Ra2 Ke6 52. f4 exf4+ 53. Bxf4 Nc6
54. f3 Ne5 55. Ra3 Rb4 56. Bd2 Rb2 57. Bc3 Rb1 58. Bd4 Nc4 59. Ra2 Rb3 60. Rc2
Rb4 61. Ra2 Ne5 62. Bc3 Rc4 63. Ra3 Nd7 64. Kh4 f5 65. Kxh5 fxe4 66. fxe4 Nc5
67. Be1 Rxa4 68. Rg3 Rxe4 69. Bf2 Re5+ 70. Kh4 Ne4 0-1

[Event "31. Open de San Sebastian"]
[Site "San Sebastián ESP"]
[Date "2008.03.19"]
[Round "4.9"]
[White "Del Rio De Angelis, Salvador G"]
[Black "Puerto Traver, Juan Manuel"]
[Result "1-0"]
[WhiteElo "2487"]
[BlackElo "2105"]
[PlyCount "113"]
[EventDate "2008.03.16"]
[EventType "swiss"]
[EventRounds "9"]
[EventCountry "ESP"]
[Source "lmi"]
[SourceDate "2008.03.16"]

1. d4 d6 2. Nf3 Bg4 3. e4 Nf6 4. Nc3 c6 5. Be2 e6 6. O-O Be7 7. Be3 d5 8. e5
Nfd7 9. Nd2 Bxe2 10. Qxe2 b5 11. Qg4 g6 12. Bh6 Nb6 13. a4 Nc4 14. axb5 cxb5
15. Nxb5 Nxd2 16. Bxd2 Qb6 17. Qe2 a6 18. c4 dxc4 19. Qxc4 O-O 20. Qc7 Qxb5 21.
Qxe7 Nc6 22. Qf6 Nxd4 23. Bh6 Nf5 24. Bxf8 Rxf8 25. Rad1 Qe8 26. Rd3 Ne7 27.
Qh4 h5 28. Rfd1 Nd5 29. Qd4 Qb5 30. b3 a5 31. Qa4 Rb8 32. Qxb5 Rxb5 33. g3 Nb4
34. Rd8+ Kg7 35. f4 Nd5 36. Rd3 h4 37. Kg2 Rc5 38. Kh3 Rc2 39. Ra8 hxg3 40.
hxg3 Ra2 41. Rd4 Rb2 42. Rb8 g5 43. fxg5 Re2 44. g6 Kxg6 45. Rg4+ Kf5 46. Rf8
Re3 47. Rxf7+ Kxe5 48. Rb7 Kd6 49. Rg5 Kc6 50. Rb8 Kc7 51. Rb5 Kc6 52. Rxa5
Rxb3 53. Ra6+ Kb7 54. Rd6 Nf4+ 55. Kh4 Kc7 56. Ra6 Ng2+ 57. Kh5 1-0

[Event "31. Open de San Sebastian"]
[Site "San Sebastián ESP"]
[Date "2008.03.19"]
[Round "4.10"]
[White "Hernandez, Elvis"]
[Black "Andres Gonzalez, Alberto"]
[Result "0-1"]
[WhiteElo "2322"]
[BlackElo "2436"]
[PlyCount "140"]
[EventDate "2008.03.16"]
[EventType "swiss"]
[EventRounds "9"]
[EventCountry "ESP"]
[Source "lmi"]
[SourceDate "2008.03.16"]

1. e4 c6 2. d4 d5 3. exd5 cxd5 4. c4 Nf6 5. Nc3 g6 6. Qb3 Bg7 7. cxd5 O-O 8.
Be2 Nbd7 9. Bf3 Nb6 10. Nge2 a5 11. a4 Bg4 12. Bxg4 Nxg4 13. O-O Nf6 14. d6
Qxd6 15. Nb5 Qd5 16. Qd1 Qd7 17. b3 Nbd5 18. Bd2 Ne4 19. Rc1 Rfd8 20. Qe1 b6
21. Rc4 Nd6 22. Nxd6 Qxd6 23. Qb1 Qd7 24. Rfc1 b5 25. Rc6 Rdb8 26. axb5 Rxb5
27. Qd3 Rbb8 28. R6c5 a4 29. bxa4 Rxa4 30. h3 e6 31. Qc2 h5 32. Rc6 Rba8 33.
Rc8+ Rxc8 34. Qxc8+ Qxc8 35. Rxc8+ Kh7 36. Be3 Ra3 37. Bc1 Rd3 38. g3 h4 39.
Rc4 Bf6 40. Kg2 hxg3 41. fxg3 g5 42. Kf2 Kg6 43. Rc2 Kf5 44. Bb2 Ne3 45. Nc1
Nxc2 46. Nxd3 Nxd4 47. Ne1 Ke4 48. Ng2 Be7 49. Bxd4 Kxd4 50. g4 Ke4 51. Kg3
Bd6+ 52. Kf2 Be5 53. Ke2 Bd4 54. Ne1 Kf4 55. Nf3 Bb6 56. Nd2 Ba7 57. Nf1 f6 58.
Nd2 Bd4 59. Nf3 Bc5 60. Nd2 Bb6 61. Nf1 Bd4 62. Nd2 Kg3 63. Kd3 Be5 64. Ke4
Kxh3 65. Kf3 f5 66. gxf5 exf5 67. Nc4 g4+ 68. Ke3 Bc7 69. Ke2 f4 70. Nd2 Kg2
0-1

[Event "31. Open de San Sebastian"]
[Site "San Sebastián ESP"]
[Date "2008.03.19"]
[Round "4.11"]
[White "Galarza Cenzano, Inigo"]
[Black "Argandona Riveiro, Inigo"]
[Result "0-1"]
[WhiteElo "1986"]
[BlackElo "2404"]
[PlyCount "50"]
[EventDate "2008.03.16"]
[EventType "swiss"]
[EventRounds "9"]
[EventCountry "ESP"]
[Source "lmi"]
[SourceDate "2008.03.16"]

1. e4 c6 2. Nc3 d5 3. f4 dxe4 4. Nxe4 g6 5. Nf3 Bg7 6. Bc4 Nh6 7. Qe2 O-O 8.
O-O c5 9. d3 b6 10. Ne5 Bb7 11. Ng3 e6 12. Bd2 Nc6 13. Nxc6 Bxc6 14. Bc3 Bd4+
15. Kh1 b5 16. Bxd4 Qxd4 17. c3 Qd8 18. Bb3 Qh4 19. Ne4 c4 20. Bc2 Rad8 21. d4
Bd5 22. Rf3 f5 23. Rh3 Qxf4 24. Rf1 Qg4 25. Qd2 fxe4 0-1

[Event "31. Open de San Sebastian"]
[Site "San Sebastián ESP"]
[Date "2008.03.19"]
[Round "4.12"]
[White "Segovia Sanchez, Antonio"]
[Black "Simutowe, Amon"]
[Result "0-1"]
[WhiteElo "1986"]
[BlackElo "2457"]
[PlyCount "65"]
[EventDate "2008.03.16"]
[EventType "swiss"]
[EventRounds "9"]
[EventCountry "ESP"]
[Source "lmi"]
[SourceDate "2008.03.16"]

1. d4 Nf6 2. Nf3 e6 3. Bg5 c5 4. e3 b6 5. Nbd2 Bb7 6. Bd3 Nc6 7. c3 Be7 8. Qe2
d5 9. Ne5 Nxe5 10. dxe5 Nd7 11. Bxe7 Qxe7 12. f4 Qh4+ 13. g3 Qe7 14. e4 c4 15.
Bc2 Nc5 16. exd5 Bxd5 17. Ne4 O-O 18. Nf6+ gxf6 19. Bxh7+ Kh8 20. Qh5 Rg8 21.
Bxg8+ Kxg8 22. Rf1 Bg2 23. Qg4+ Kf8 24. Qh4 Qb7 25. Qh8+ Ke7 26. Qxf6+ Ke8 27.
O-O-O Nd3+ 28. Rxd3 cxd3 29. Rd1 Qe4 30. Qh8+ Kd7 31. Qg7 Re8 32. Qxf7+ Re7 33.
Qf6 0-1

[Event "31. Open de San Sebastian"]
[Site "San Sebastián ESP"]
[Date "2008.03.19"]
[Round "4.13"]
[White "Tung, Siu Hung"]
[Black "Recuero Guerra, David"]
[Result "0-1"]
[WhiteElo "1973"]
[BlackElo "2424"]
[PlyCount "116"]
[EventDate "2008.03.16"]
[EventType "swiss"]
[EventRounds "9"]
[EventCountry "ESP"]
[Source "lmi"]
[SourceDate "2008.03.16"]

1. e4 c5 2. Nf3 Nc6 3. c3 d5 4. exd5 Qxd5 5. Na3 Bg4 6. Bc4 Qe4+ 7. Qe2 Bxf3 8.
gxf3 Qxe2+ 9. Kxe2 e6 10. d3 O-O-O 11. Rg1 g6 12. Bb5 Nce7 13. Nc2 Nf5 14. Ne3
Nge7 15. Ng4 Bg7 16. f4 a6 17. Ba4 b5 18. Bb3 Nc6 19. h3 Kb7 20. Ne3 Nd6 21.
Bd2 Rhe8 22. Rad1 Ne7 23. Bc1 Nd5 24. Kf3 Kc6 25. Ng4 Re7 26. Rge1 Nb6 27. Ne5+
Kb7 28. Be3 Rc7 29. Bc2 a5 30. d4 c4 31. Bc1 Nd5 32. Bd2 Ra8 33. Rb1 Kc8 34.
Ng4 Rb8 35. Ne3 f5 36. h4 Nf6 37. Rg1 Kd8 38. Rbd1 Rd7 39. Bc1 Nd5 40. h5 gxh5
41. Nxd5 exd5 42. Rg5 Rf7 43. Rxh5 h6 44. Rg1 Kd7 45. Rg6 Re8 46. Rh1 Re6 47.
Rhg1 Rxg6 48. Rxg6 Bf8 49. Be3 Ke7 50. Bd1 Rf6 51. Rg1 Kf7 52. Be2 Ne4 53. Rb1
b4 54. Rc1 bxc3 55. bxc3 Rb6 56. Rc2 Ba3 57. Bc1 Bxc1 58. Rxc1 Rb2 0-1

[Event "31. Open de San Sebastian"]
[Site "San Sebastián ESP"]
[Date "2008.03.19"]
[Round "4.14"]
[White "Bellia, Fabrizio"]
[Black "Tung, Kai Ming"]
[Result "1-0"]
[WhiteElo "2405"]
[BlackElo "1966"]
[PlyCount "89"]
[EventDate "2008.03.16"]
[EventType "swiss"]
[EventRounds "9"]
[EventCountry "ESP"]
[Source "lmi"]
[SourceDate "2008.03.16"]

1. e4 e6 2. d4 d5 3. Nd2 Nf6 4. e5 Nfd7 5. Bd3 c5 6. c3 Nc6 7. Ne2 cxd4 8. cxd4
f6 9. exf6 Nxf6 10. O-O Bd6 11. Nf3 O-O 12. Bf4 Bxf4 13. Nxf4 Ne4 14. Qc1 Ng5
15. Nxg5 Qxg5 16. Bxh7+ Kxh7 17. Nxe6 Qxc1 18. Nxf8+ Kg8 19. Raxc1 Kxf8 20.
Rfe1 Kf7 21. Re3 Be6 22. Rb3 Bc8 23. Rc5 Nxd4 24. Rd3 Ne6 25. Rcxd5 b6 26. f3
Ba6 27. Ra3 Kg8 28. Rd6 Bc8 29. Rxb6 Nd4 30. Rd6 Ne6 31. f4 Kf7 32. f5 Ng5 33.
g4 Ke7 34. Rg6 Nf7 35. Rxg7 Kf8 36. Rg6 Bb7 37. Re6 Ng5 38. Rf6+ Ke7 39. Rg6
Nf7 40. Re6+ Kf8 41. h4 a6 42. Rb6 Bc8 43. g5 Ne5 44. Re3 Nd7 45. Rh6 1-0

[Event "31. Open de San Sebastian"]
[Site "San Sebastián ESP"]
[Date "2008.03.19"]
[Round "4.16"]
[White "Osa Astrain, Ricardo"]
[Black "Garcia Blanco, Omar"]
[Result "0-1"]
[WhiteElo "1950"]
[BlackElo "2139"]
[PlyCount "64"]
[EventDate "2008.03.16"]
[EventType "swiss"]
[EventRounds "9"]
[EventCountry "ESP"]
[Source "lmi"]
[SourceDate "2008.03.16"]

1. d4 Nf6 2. c4 c5 3. d5 b5 4. Nc3 bxc4 5. e4 d6 6. Bxc4 g6 7. Nge2 Bg7 8. O-O
O-O 9. Bg5 Ba6 10. Bxa6 Nxa6 11. Qd2 Rb8 12. Ng3 Qa5 13. h4 h5 14. f4 Ng4 15.
Bxe7 Rfe8 16. Bxd6 Bd4+ 17. Kh1 Qd8 18. Nf5 gxf5 19. g3 Qxd6 20. e5 Qg6 21. Rf3
Kh7 22. Qe2 Rg8 23. Raf1 Nc7 24. Rd3 Rgd8 25. Rxd4 cxd4 26. Ne4 fxe4 27. f5 Qh6
28. f6 Qe3 29. Qc4 Nxe5 30. Qxc7 Qxg3 31. Qe7 Qh3+ 32. Kg1 Rg8+ 0-1

[Event "31. Open de San Sebastian"]
[Site "San Sebastián ESP"]
[Date "2008.03.19"]
[Round "4.17"]
[White "Aguado Zabaleta, Felix"]
[Black "Hallerod, Ralph"]
[Result "0-1"]
[WhiteElo "1896"]
[BlackElo "2131"]
[PlyCount "64"]
[EventDate "2008.03.16"]
[EventType "swiss"]
[EventRounds "9"]
[EventCountry "ESP"]
[Source "lmi"]
[SourceDate "2008.03.16"]

1. d4 Nf6 2. c4 g6 3. Nc3 Bg7 4. Nf3 d6 5. Bg5 h6 6. Bxf6 exf6 7. e3 O-O 8. Qb3
c6 9. Rd1 Nd7 10. Bd3 f5 11. O-O a6 12. Bb1 b5 13. c5 dxc5 14. dxc5 Qe7 15. Nd4
Qxc5 16. Nce2 Qb6 17. Nf4 Ne5 18. Rc1 c5 19. Nd5 Qd6 20. Ne2 Nc4 21. Ndc3 Bb7
22. Rcd1 Qe5 23. Qc2 b4 24. Na4 Nxb2 25. Nxb2 Qxb2 26. Qc4 a5 27. Rd6 Rfd8 28.
Rxg6 Bd5 29. Rxg7+ Kxg7 30. Qxc5 Qxe2 31. Qd4+ f6 32. Bxf5 Bc4 0-1

[Event "31. Open de San Sebastian"]
[Site "San Sebastián ESP"]
[Date "2008.03.19"]
[Round "4.18"]
[White "Ladron De Guevara Galar, Fco J"]
[Black "Jimenez Crespo, Inigo"]
[Result "1-0"]
[WhiteElo "2084"]
[BlackElo "1955"]
[PlyCount "45"]
[EventDate "2008.03.16"]
[EventType "swiss"]
[EventRounds "9"]
[EventCountry "ESP"]
[Source "lmi"]
[SourceDate "2008.03.16"]

1. d4 d5 2. c4 e5 3. dxe5 d4 4. Nf3 Nc6 5. g3 Nge7 6. Bg2 Ng6 7. O-O Bg4 8. Qa4
Qd7 9. Rd1 O-O-O 10. Nc3 Bxf3 11. Bxf3 Ngxe5 12. Bg2 Qe6 13. Nd5 h5 14. h4 Be7
15. Bf4 f6 16. b4 Nxc4 17. Nxc7 Qd7 18. b5 N6a5 19. Bd5 Nb6 20. Qxa5 Nxd5 21.
Nxd5 b6 22. Qa6+ Qb7 23. Nxe7+ 1-0